<?xml version="1.0" encoding="UTF-8"?>
<record
    xmlns:xsi="http://www.w3.org/2001/XMLSchema-instance"
    xsi:schemaLocation="http://www.loc.gov/MARC21/slim http://www.loc.gov/standards/marcxml/schema/MARC21slim.xsd"
    xmlns="http://www.loc.gov/MARC21/slim">

  <leader>01241nam a22002297a 4500</leader>
  <controlfield tag="005">20180813130708.0</controlfield>
  <datafield tag="010" ind1=" " ind2=" ">
    <subfield code="a">HIN-99041	B-700539-545</subfield>
  </datafield>
  <datafield tag="020" ind1=" " ind2=" ">
    <subfield code="c">350.00</subfield>
    <subfield code="a">9788188376186</subfield>
  </datafield>
  <datafield tag="035" ind1=" " ind2=" ">
    <subfield code="a">HN-71387</subfield>
  </datafield>
  <datafield tag="035" ind1=" " ind2=" ">
    <subfield code="a">B-700539-545</subfield>
  </datafield>
  <datafield tag="037" ind1=" " ind2=" ">
    <subfield code="b">DBAD / PUB</subfield>
  </datafield>
  <datafield tag="082" ind1=" " ind2=" ">
    <subfield code="a">920</subfield>
  </datafield>
  <datafield tag="082" ind1=" " ind2=" ">
    <subfield code="a">509.2</subfield>
  </datafield>
  <datafield tag="100" ind1=" " ind2=" ">
    <subfield code="a">&#x92A;&#x93E;&#x923;&#x94D;&#x921;&#x947;&#x92F;, &#x932;&#x932;&#x93F;&#x924; &#x915;&#x93F;&#x936;&#x94B;&#x930;</subfield>
  </datafield>
  <datafield tag="245" ind1=" " ind2=" ">
    <subfield code="a">&#x935;&#x93F;&#x91C;&#x94D;&#x91E;&#x93E;&#x928;&#x940; &#x938;&#x930; &#x906;&#x907;&#x91C;&#x93C;&#x915; &#x928;&#x94D;&#x92F;&#x942;&#x91F;&#x928;&#x903;</subfield>
    <subfield code="c">&#x932;&#x932;&#x93F;&#x924; &#x915;&#x93F;&#x936;&#x94B;&#x930; &#x92A;&#x93E;&#x923;&#x94D;&#x921;&#x947;&#x92F;</subfield>
    <subfield code="b">&#x91C;&#x940;&#x935;&#x928; &#x914;&#x930; &#x915;&#x943;&#x924;&#x93F;&#x924;&#x94D;&#x935; /</subfield>
  </datafield>
  <datafield tag="246" ind1=" " ind2=" ">
    <subfield code="a">Vigyani sir Isaac newton</subfield>
    <subfield code="b">by Lalit Kishor Pandey</subfield>
  </datafield>
  <datafield tag="260" ind1=" " ind2=" ">
    <subfield code="a">&#x926;&#x93F;&#x932;&#x94D;&#x932;&#x940;</subfield>
    <subfield code="b">&#x915;&#x940;&#x928; &#x92C;&#x941;&#x915;&#x94D;&#x938;</subfield>
    <subfield code="c">2012</subfield>
    <subfield code="c">2017</subfield>
  </datafield>
  <datafield tag="270" ind1=" " ind2=" ">
    <subfield code="a">18-&#x92C;&#x940;, &#x938;&#x93E;&#x909;&#x925; &#x905;&#x928;&#x93E;&#x930;&#x915;&#x932;&#x940;</subfield>
    <subfield code="b">&#x926;&#x93F;&#x932;&#x94D;&#x932;&#x940;</subfield>
    <subfield code="e">110051</subfield>
  </datafield>
  <datafield tag="300" ind1=" " ind2=" ">
    <subfield code="a">168&#x92A;&#x943;.</subfield>
    <subfield code="c">22&#x938;&#x947;&#x92E;&#x940; (&#x938;&#x91C;&#x93F;&#x932;&#x94D;&#x926;)</subfield>
  </datafield>
  <datafield tag="942" ind1=" " ind2=" ">
    <subfield code="2">ddc</subfield>
    <subfield code="c">HN</subfield>
    <subfield code="h">920</subfield>
    <subfield code="m">&#x92A;&#x93E;&#x923;&#x94D;&#x921;&#x947;&#x92F;</subfield>
  </datafield>
  <datafield tag="999" ind1=" " ind2=" ">
    <subfield code="c">75464</subfield>
    <subfield code="d">75464</subfield>
  </datafield>
  <datafield tag="952" ind1=" " ind2=" ">
    <subfield code="0">0</subfield>
    <subfield code="1">0</subfield>
    <subfield code="4">0</subfield>
    <subfield code="7">1</subfield>
    <subfield code="8">NFIC</subfield>
    <subfield code="a">DBAD</subfield>
    <subfield code="b">AV</subfield>
    <subfield code="d">2013-05-13</subfield>
    <subfield code="e">DBAD / PUB</subfield>
    <subfield code="g">300.00</subfield>
    <subfield code="l">0</subfield>
    <subfield code="o">920 &#x905;&#x907;&#x91C;&#x93C;</subfield>
    <subfield code="p">HN-71387</subfield>
    <subfield code="r">2013-05-13 00:00:00</subfield>
    <subfield code="t">1</subfield>
    <subfield code="v">300.00</subfield>
    <subfield code="y">HN</subfield>
  </datafield>
  <datafield tag="952" ind1=" " ind2=" ">
    <subfield code="0">0</subfield>
    <subfield code="1">0</subfield>
    <subfield code="4">0</subfield>
    <subfield code="7">0</subfield>
    <subfield code="8">NFIC</subfield>
    <subfield code="a">L</subfield>
    <subfield code="b">L</subfield>
    <subfield code="d">2018-08-13</subfield>
    <subfield code="e">&#x915;&#x943;&#x924;&#x93F;&#x915;&#x93E; &#x92C;&#x941;&#x915;&#x94D;&#x938;/211/14-05-18/106/27-04/18/23-07-18</subfield>
    <subfield code="g">350.00</subfield>
    <subfield code="l">2</subfield>
    <subfield code="o">920 &#x92A;&#x93E;&#x923;&#x94D;&#x921;&#x947;&#x92F;</subfield>
    <subfield code="p">B-700539</subfield>
    <subfield code="r">2024-09-11 00:00:00</subfield>
    <subfield code="s">2024-09-04</subfield>
    <subfield code="t">1</subfield>
    <subfield code="v">350.00</subfield>
    <subfield code="w">2018-08-13</subfield>
    <subfield code="y">HN</subfield>
  </datafield>
  <datafield tag="952" ind1=" " ind2=" ">
    <subfield code="0">0</subfield>
    <subfield code="1">0</subfield>
    <subfield code="4">0</subfield>
    <subfield code="7">0</subfield>
    <subfield code="8">NFIC</subfield>
    <subfield code="a">AV</subfield>
    <subfield code="b">AV</subfield>
    <subfield code="d">2018-08-13</subfield>
    <subfield code="e">&#x915;&#x943;&#x924;&#x93F;&#x915;&#x93E; &#x92C;&#x941;&#x915;&#x94D;&#x938;/211/14-05-18/106/27-04/18/23-07-18</subfield>
    <subfield code="g">350.00</subfield>
    <subfield code="l">2</subfield>
    <subfield code="o">920 &#x92A;&#x93E;&#x923;&#x94D;&#x921;&#x947;&#x92F;</subfield>
    <subfield code="p">B-700540</subfield>
    <subfield code="r">2020-03-04 00:00:00</subfield>
    <subfield code="s">2020-03-02</subfield>
    <subfield code="t">1</subfield>
    <subfield code="v">350.00</subfield>
    <subfield code="y">HN</subfield>
  </datafield>
  <datafield tag="952" ind1=" " ind2=" ">
    <subfield code="0">0</subfield>
    <subfield code="1">0</subfield>
    <subfield code="4">0</subfield>
    <subfield code="7">0</subfield>
    <subfield code="8">NFIC</subfield>
    <subfield code="a">BL1</subfield>
    <subfield code="b">BL1</subfield>
    <subfield code="d">2018-08-13</subfield>
    <subfield code="e">&#x915;&#x943;&#x924;&#x93F;&#x915;&#x93E; &#x92C;&#x941;&#x915;&#x94D;&#x938;/211/14-05-18/106/27-04/18/23-07-18</subfield>
    <subfield code="g">350.00</subfield>
    <subfield code="l">1</subfield>
    <subfield code="o">920 &#x92A;&#x93E;&#x923;&#x94D;&#x921;&#x947;&#x92F;</subfield>
    <subfield code="p">B-700541</subfield>
    <subfield code="r">2020-02-21 00:00:00</subfield>
    <subfield code="s">2020-02-12</subfield>
    <subfield code="t">1</subfield>
    <subfield code="v">350.00</subfield>
    <subfield code="y">HN</subfield>
  </datafield>
  <datafield tag="952" ind1=" " ind2=" ">
    <subfield code="0">0</subfield>
    <subfield code="1">0</subfield>
    <subfield code="4">0</subfield>
    <subfield code="7">0</subfield>
    <subfield code="8">NFIC</subfield>
    <subfield code="a">JP</subfield>
    <subfield code="b">JP</subfield>
    <subfield code="d">2018-08-13</subfield>
    <subfield code="e">&#x915;&#x943;&#x924;&#x93F;&#x915;&#x93E; &#x92C;&#x941;&#x915;&#x94D;&#x938;/211/14-05-18/106/27-04/18/23-07-18</subfield>
    <subfield code="g">350.00</subfield>
    <subfield code="l">0</subfield>
    <subfield code="o">920 &#x92A;&#x93E;&#x923;&#x94D;&#x921;&#x947;&#x92F;</subfield>
    <subfield code="p">B-700542</subfield>
    <subfield code="r">2018-08-13 00:00:00</subfield>
    <subfield code="t">1</subfield>
    <subfield code="v">350.00</subfield>
    <subfield code="y">HN</subfield>
  </datafield>
  <datafield tag="952" ind1=" " ind2=" ">
    <subfield code="0">0</subfield>
    <subfield code="1">0</subfield>
    <subfield code="4">0</subfield>
    <subfield code="7">0</subfield>
    <subfield code="8">NFIC</subfield>
    <subfield code="a">ZLS</subfield>
    <subfield code="b">ZLS</subfield>
    <subfield code="d">2018-08-13</subfield>
    <subfield code="e">&#x915;&#x943;&#x924;&#x93F;&#x915;&#x93E; &#x92C;&#x941;&#x915;&#x94D;&#x938;/211/14-05-18/106/27-04/18/23-07-18</subfield>
    <subfield code="g">350.00</subfield>
    <subfield code="l">1</subfield>
    <subfield code="o">920 &#x92A;&#x93E;&#x923;&#x94D;&#x921;&#x947;&#x92F;</subfield>
    <subfield code="p">B-700543</subfield>
    <subfield code="r">2019-03-14 00:00:00</subfield>
    <subfield code="s">2019-02-27</subfield>
    <subfield code="t">1</subfield>
    <subfield code="v">350.00</subfield>
    <subfield code="y">HN</subfield>
  </datafield>
  <datafield tag="952" ind1=" " ind2=" ">
    <subfield code="0">0</subfield>
    <subfield code="1">0</subfield>
    <subfield code="4">0</subfield>
    <subfield code="7">0</subfield>
    <subfield code="8">NFIC</subfield>
    <subfield code="a">BN</subfield>
    <subfield code="b">BN</subfield>
    <subfield code="d">2018-08-13</subfield>
    <subfield code="e">&#x915;&#x943;&#x924;&#x93F;&#x915;&#x93E; &#x92C;&#x941;&#x915;&#x94D;&#x938;/211/14-05-18/106/27-04/18/23-07-18</subfield>
    <subfield code="g">350.00</subfield>
    <subfield code="l">0</subfield>
    <subfield code="o">920 &#x92A;&#x93E;&#x923;&#x94D;&#x921;&#x947;&#x92F;</subfield>
    <subfield code="p">B-700544</subfield>
    <subfield code="r">2018-08-13 00:00:00</subfield>
    <subfield code="t">1</subfield>
    <subfield code="v">350.00</subfield>
    <subfield code="y">HN</subfield>
  </datafield>
  <datafield tag="952" ind1=" " ind2=" ">
    <subfield code="0">0</subfield>
    <subfield code="1">0</subfield>
    <subfield code="4">0</subfield>
    <subfield code="7">0</subfield>
    <subfield code="8">NFIC</subfield>
    <subfield code="a">BL4</subfield>
    <subfield code="b">BL4</subfield>
    <subfield code="d">2018-08-13</subfield>
    <subfield code="e">&#x915;&#x943;&#x924;&#x93F;&#x915;&#x93E; &#x92C;&#x941;&#x915;&#x94D;&#x938;/211/14-05-18/106/27-04/18/23-07-18</subfield>
    <subfield code="g">350.00</subfield>
    <subfield code="l">3</subfield>
    <subfield code="o">920 &#x92A;&#x93E;&#x923;&#x94D;&#x921;&#x947;&#x92F;</subfield>
    <subfield code="p">B-700545</subfield>
    <subfield code="r">2023-09-26 00:00:00</subfield>
    <subfield code="s">2023-09-23</subfield>
    <subfield code="t">1</subfield>
    <subfield code="v">350.00</subfield>
    <subfield code="y">HN</subfield>
  </datafield>
</record>
